| 000 | 00975nam a2200229 i 4500 | ||
|---|---|---|---|
| 001 | 161977 | ||
| 003 | ES-MaACL | ||
| 005 | 20250827063227.0 | ||
| 008 | 041025s1878 gw |||| | ger d | ||
| 040 |
_aCAM _bspa _cCAM |
||
| 100 | 1 |
_9242059 _aPerthes, Friedrich Andreas, _d1813-1890 _eaut |
|
| 245 | 1 | 0 |
_aVerzeichniss der von mir aus dem Orient eingeführten arabischen, persischen, türkischen und sanskrit-bücher, für welche ich um aufträge bitte und gewissenhafte ausführung zusichere : _bcatalog nr. 10. |
| 260 |
_aGotha : _bdruck von Friedr. Andr. Perthes, _c[1878] |
||
| 300 |
_a53, [2] p. ; _c21 cm. |
||
| 594 | _aTít. tomado de principio del texto. | ||
| 596 | _aFecha de prelim. 1878. | ||
| 650 | 0 | 7 |
_aLibros- _zAsia- _vCatálogos _2 _9136414 |
| 852 |
_aES-MaACL _jT-426-F-11 _z-- Enc. hol. _q-- Falto de la cub. original _z-- Enc. en un vol. facticio |
||
| 942 |
_2udc _cMONANT _n0 |
||
| 999 |
_c161977 _d161977 |
||